Hotovost v oběhu: světové trendy a situace v České republice

Stručný historický pohľad na vznik a vývoj peňazí. Používanie hotovostných peňazí a svetové trendy v oblasti hotovosti. Kvalitatívne faktory ovplyvňujúce používanie hotovosti. Situácia v Českej republike.

Na minha lista:
Detalhes bibliográficos
Autor principal: Cimburek, Jan
Outros Autores: Řežábek, Pavel
Formato: Capítulo de Livro
Idioma:tcheco
Assuntos:
Tags: Adicionar Tag
Sem tags, seja o primeiro a adicionar uma tag!

MARC

LEADER 00000naa$a2200000$$$4500
001 0088770
005 20231019131506.1
041 0 |a cze 
044 |a CZ 
245 1 0 |a Hotovost v oběhu: světové trendy a situace v České republice  |c Jan Cimburek, Pavel Řežábek 
520 |a Stručný historický pohľad na vznik a vývoj peňazí. Používanie hotovostných peňazí a svetové trendy v oblasti hotovosti. Kvalitatívne faktory ovplyvňujúce používanie hotovosti. Situácia v Českej republike. 
610 2 0 |a Česko 
610 2 0 |a peniaze 
610 2 0 |a platby v hotovosti 
610 2 0 |a obeh peňažný 
610 2 0 |a história 
100 1 |a Cimburek, Jan 
700 1 |a Řežábek, Pavel